000 00460nam a2200181Ia 4500
001 13920
005 20260306164836.0
008 260306t2015||||xx |||||||||||||| ||spa||
041 _aESP
082 _a005.7
_bB77
100 _aBoulanger, Thierry,
_eAUT
245 0 _aXML práctico :
_bbases esenciales, conceptos y casos prácticos
260 _c2015
300 _a379 páginas :
_c21 cm.
650 _aGEN
654 _aCCC
942 _cLIB
_dJUS
_fJUS
_2ddc
_n
999 _c13920
_d13920